Different Languages Quiz #3 - Thank You - Statistics

General Stats
  • This quiz has been taken 44 times
  • The average score is 9 of 11
Answer Stats
Word Language % Correct
Thank you English
100%
Grazie Italian
97%
Gracias Spanish
97%
Je vous remercie French
95%
Obrigado Portuguese
92%
謝謝 Chinese
89%
Dank je Dutch
89%
Vielen Dank German
73%
Dziękuję Ci Polish
68%
Tack Swedish
62%
Mulțumesc Romanian
57%
No matching quizzes found
Score Distribution
Percent of People with Each Score
Percentile by Number Answered
Your Score History
You have not taken this quiz